Contabilidad para no contadores

Detalles Bibliográficos
Autor principal: Label, Wayne
Otros Autores: de Len̤ Ledesma, Javier, Ramos Arriagada, Ramn̤ Alfonso
Formato: eBook
Lenguaje:español
Publicado: Bogot:̀ ECOE, 2012
Materias:
Acceso en línea:Acceso restringido

MARC

LEADER 00000nam a22000007a 4500
005 20220216220849.0
007 cr|||| ||||
008 220216s2012 co |||||s|||| 00||0 spa d
020 |a 9781449284169 
035 |a 35838 
040 |a vLex 
090 |c 13008  |d 13008 
100 1 |a Label, Wayne 
245 1 0 |a Contabilidad para no contadores  |h [Recurso electrn̤ico] /  |c Wayne Label, Javier de Len̤ Ledesma, Ramn̤ Alfonso Ramos Arriagada 
256 |a Servicio en ln̕ea 
260 |a Bogot:̀  |b ECOE,  |c 2012 
300 |a 1 recurso electrn̤ico 
506 1 |a Disponible solo en los productos indicados  |d vLex Global  |d vLex Global (Academic Edition, excluding Law Schools)  |d vLex Global (U.S. Academic Edition, Law Schools)  |d vLex Global (U.S. Academic Edition, excluding Law Schools)  |d vLex Global (Academic Edition, Law Schools) 
650 0 4 |a Contabilidad  |z Colombia 
700 1 |a de Len̤ Ledesma, Javier 
700 1 |a Ramos Arriagada, Ramn̤ Alfonso 
740 0 |a vLex Libros (Servicio en ln̕ea) 
856 4 0 |u https://app.vlex.com/#/sources/35838  |z Acceso restringido 
942 |c BOOK 
999 0 |a Accounting